[Event "AIG Life rapid"]
[Site "Warsaw POL"]
[Date "2002.12.21"]
[Round "6"]
[White "Chernin,A"]
[Black "Ivanchuk,V"]
[Result "1/2-1/2"]
[WhiteElo "2573"]
[BlackElo "2709"]

1.c4 Nf6 2.Nc3 e5 3.Nf3 Nc6 4.g3 Bb4 5.Bg2 O-O 6.O-O Bxc3 7.dxc3 d6 8.Bg5 h6
9.Bxf6 Qxf6 10.Ne1 Be6 11.b3 Qd8 12.Nc2 Qd7 13.Ne3 Bh3 14.Bxh3 Qxh3 15.Nd5 Qd7
16.e4 Ne7 17.Nxe7+ Qxe7 18.Qg4 a5 19.a4 b6 20.Rae1 Rae8 21.Kg2 g6 22.h4 h5
23.Qg5 Qxg5 24.hxg5 f6 25.gxf6 Rxf6 26.f3 Ref8 27.Rf2 Kg7 28.Rh1 Kh6 29.b4 Ra8
30.Ra2 g5 31.g4 h4 32.Kf2 Kg6 33.Ke3 Kf7 34.Rh3 Ke7 35.Ra1 Rff8 36.Ra2 Ra7
37.Rh1 Rfa8 38.Rha1 Ke6 39.Ke2 Rh8 40.Ke3 Kd7 41.Rh1 Kc6 42.Kd3 Raa8 43.Ke3 Rhf8
44.Rh3 Kd7 45.Rh1 Ke6 46.Rha1 Rf7 47.Rh1 Raf8 48.Rh3 Kd7 49.Ra1 Kc6 50.Ra2 Rf4
51.Ra1 Kb7 52.Rd1  1/2-1/2

[Event "AIG Life rapid pl 5-8"]
[Site "Warsaw POL"]
[Date "2002.12.22"]
[Round "1"]
[White "Ivanchuk,V"]
[Black "Markowski,T"]
[Result "1/2-1/2"]
[WhiteElo "2709"]
[BlackElo "2549"]

1.e4 c5 2.Nf3 e6 3.d4 cxd4 4.Nxd4 a6 5.Bd3 Qb6 6.c3 d6 7.Be3 Qc7 8.c4 Nf6
9.Nc3 Nbd7 10.Rc1 b6 11.O-O g6 12.f4 Bg7 13.b4 O-O 14.Nb3 Rb8 15.Kh1 Bb7
16.a3 Rfe8 17.Qe2 Ba8 18.Rc2 Rbc8 19.Nd2 Qb8 20.Bg1 Red8 21.Rfc1 Bb7 22.Be3 Ba8
23.Kg1 Bb7 24.Kh1 Ba8 25.Nf3 Re8 26.Bd2 Red8 27.Ng5 Re8 28.Rf1 Bb7 29.Rcc1 Ba8
30.Be3 Bb7 31.Bg1 Ba8 32.Qd2 Bb7 33.h3 Ba8 34.Bh2 h6 35.Nf3 Nh7 36.f5 exf5
37.exf5 g5 38.c5 bxc5 39.Bxa6 cxb4 40.axb4 Rc6 41.b5 Rxc3 42.Rxc3 Bxc3 43.Qxc3 Nhf6
44.Rc1 Ne4 45.Qc7 Ndc5 46.Qxb8 Rxb8 47.Bxd6 Nxd6 48.Rxc5 Bxf3 49.gxf3 Kg7
50.Kg2 Kf6 51.Rc6 Ke5 52.f6 Kd5 53.Rc1 Rb6 54.Rc7 Nxb5 55.Bxb5 Rxb5 56.Rxf7 Ke6
57.Rh7 Kxf6 58.Rxh6+ Kf5 59.Rc6 Ra5 60.Kg3 Rb5  1/2-1/2

[Event "AIG Life rapid QF2"]
[Site "Warsaw POL"]
[Date "2002.12.22"]
[Round "1"]
[White "Ivanchuk,V"]
[Black "Tseshkovsky,V"]
[Result "1-0"]
[WhiteElo "2709"]
[BlackElo "2545"]

1.e4 d6 2.d4 Nf6 3.f3 e5 4.Ne2 Be7 5.c4 O-O 6.Nbc3 c6 7.Be3 Be6 8.d5 cxd5
9.cxd5 Bd7 10.g4 Na6 11.Ng3 Ne8 12.Qd2 Rc8 13.Bxa6 bxa6 14.Bxa7 Bg5 15.Be3 Bxe3
16.Qxe3 Qa5 17.Kf2 g6 18.Rac1 Ng7 19.a3 f5 20.gxf5 gxf5 21.exf5 Bxf5 22.Kg2 Rb8
23.Qe2 Bg6 24.Rhf1 Rb7 25.Rf2 Nh5 26.Nxh5 Bxh5 27.Qe3 Kh8 28.Rcf1 Rg7+ 29.Kh1 Rgf7
30.f4 Qc5 31.Qxc5 dxc5  1-0

[Event "AIG Life rapid QF2"]
[Site "Warsaw POL"]
[Date "2002.12.22"]
[Round "2"]
[White "Ivanchuk,V"]
[Black "Chernin,A"]
[Result "1-0"]
[WhiteElo "2709"]
[BlackElo "2573"]

1.e4 e6 2.d4 d5 3.Nc3 dxe4 4.Nxe4 Bd7 5.Nf3 Bc6 6.Bd3 Nd7 7.O-O Ngf6 8.Ng3 Be7
9.c4 O-O 10.b3 Bxf3 11.Qxf3 c6 12.Bb2 Qa5 13.a3 b5 14.cxb5 cxb5 15.Rfe1 Nd5
16.Nf5 N7f6 17.Nxe7+ Nxe7 18.Bc3 Qd8 19.Bxb5 Nfd5 20.Bb2 Qb6 21.Bc4 Rfd8
22.Rad1 Nc6 23.b4 Rac8 24.Bd3 Nf6 25.d5 Nxd5 26.Qe4 g6 27.h4 Nde7 28.Bc4 Nf5
29.Bxe6 fxe6 30.Qxe6+  1-0

[Event "AIG Life rapid QF2"]
[Site "Warsaw POL"]
[Date "2002.12.22"]
[Round "4"]
[White "Ivanchuk,V"]
[Black "Volokitin,And"]
[Result "0-1"]
[WhiteElo "2709"]
[BlackElo "2558"]

1.e4 c5 2.Nf3 d6 3.d4 cxd4 4.Nxd4 Nf6 5.Nc3 a6 6.Bc4 e6 7.O-O b5 8.Bb3 Be7
9.Qf3 Qc7 10.Qg3 O-O 11.Bh6 Ne8 12.Rad1 b4 13.Nce2 Bf6 14.c3 bxc3 15.Nxc3 Be5
16.Qg4 Kh8 17.Be3 Bxd4 18.Bxd4 e5 19.Qg3 exd4 20.Rxd4 Be6 21.Nd5 Bxd5 22.Bxd5 Ra7
23.Bb3 Nc6 24.Rd2 Ne5 25.Rfd1 Nf6 26.Rxd6 Nc4 27.Rxf6 gxf6 28.Qh4 Ne5 29.Qxf6+ Kg8
30.h4 Qe7 31.Qf5 Kh8 32.g3 Rd7 33.Bd5 f6 34.Kg2 Qg7 35.Qe6 Qg4 36.Qxg4 Nxg4
37.Rc1 f5 38.Rc2 fxe4 39.Be6 Rg7 40.b4 Ne5  0-1

[Event "AIG Life rapid QF2"]
[Site "Warsaw POL"]
[Date "2002.12.22"]
[Round "5"]
[White "Tseshkovsky,V"]
[Black "Ivanchuk,V"]
[Result "0-1"]
[WhiteElo "2545"]
[BlackElo "2709"]

1.e4 c5 2.Nc3 e6 3.Nf3 a6 4.d4 cxd4 5.Nxd4 Qc7 6.Bd3 Nf6 7.O-O Nc6 8.Be3 b5
9.Nxc6 Qxc6 10.Re1 Bb7 11.a3 Be7 12.f3 Qc7 13.Qd2 O-O 14.Qf2 Rac8 15.Rad1 d6
16.Kh1 Rfe8 17.Qg3 Nh5 18.Qh3 g6 19.Ne2 Bf6 20.g4 Ng7 21.c3 d5 22.Ng3 Be5
23.Bd4 Bxd4 24.cxd4 e5 25.exd5 Bxd5 26.Be4 Bb3 27.Rd3 Bc4 28.Rc1 Qe7 29.Rdd1 exd4
30.Rxd4 Ne6 31.Nf5 Qg5 32.Rdd1 gxf5 33.Bxf5 h6 34.Qg3 Rcd8 35.Re1 Qf6 36.h4 Nd4
37.Be4 Ne2 38.Rxe2 Bxe2 39.g5 hxg5 40.hxg5 Qh8+ 41.Kg1 Qd4+  0-1

[Event "AIG Life rapid QF2"]
[Site "Warsaw POL"]
[Date "2002.12.22"]
[Round "6"]
[White "Chernin,A"]
[Black "Ivanchuk,V"]
[Result "0-1"]
[WhiteElo "2573"]
[BlackElo "2709"]

1.d4 Nf6 2.c4 e6 3.Nf3 Bb4+ 4.Bd2 a5 5.g3 d5 6.Qc2 c5 7.Bxb4 axb4 8.dxc5 Qa5
9.Nbd2 Qxc5 10.Qd3 Nc6 11.cxd5 Rxa2 12.Rb1 exd5 13.Nb3 Qe7 14.Bg2 O-O 15.O-O Re8
16.Nfd4 Ne5 17.Qb5 Nc4 18.Rfc1 b6 19.Nc6 Qd6 20.Nbd4 Nd2 21.Qxb4 Qxb4 22.Nxb4 Ra4
23.Nbc6 Nxb1 24.Rxb1 Kf8 25.b4 Bg4 26.Bf3 Bxf3 27.exf3 g6 28.Kg2 Ra2 29.h3 Nd7
30.Rd1 Rb2 31.b5 Nc5 32.Kf1 Ra8  0-1

[Event "Tch-SWE 2002-3"]
[Site "Sweden SWE"]
[Date "2003.03.01"]
[Round "8"]
[White "Agrest,E"]
[Black "Ivanchuk,V"]
[Result "1/2-1/2"]
[WhiteElo "2574"]
[BlackElo "2699"]

1.Nf3 c5 2.c4 Nf6 3.Nc3 Nc6 4.d4 cxd4 5.Nxd4 e6 6.g3 Qb6 7.Ndb5 Ne5 8.Bg2 a6
9.Na3 Bxa3 10.bxa3 Nxc4 11.Bg5 d5 12.O-O Bd7 13.e4 Nxe4 14.Nxe4 dxe4 15.Rb1 Qc5
16.Rxb7 O-O 17.Qc1 Bb5 18.a4 Bxa4 19.Bxe4 Rac8 20.Be7 Qe5 21.Re1 Rfe8 22.Bxh7+ Kxh7
23.Rxe5 Nxe5 24.Rc7 Bc6 25.Rxc8 Rxc8 26.f4 Nf3+ 27.Kf2 Nxh2 28.Qd1 Bd5 29.f5 Rc4
30.Qh5+ Kg8 31.f6 Ng4+ 32.Ke1 Nxf6 33.Bxf6 gxf6 34.Qh6 Rg4 35.Qxf6 Rxg3 36.a4 Rg4
37.a5 Bc6 38.Kd2 Bb5 39.Ke3 Kf8 40.Qd8+ Kg7 41.Kf3 Rg6 42.Qd4+ f6 43.Qa7+ Kf8
44.Qb8+ Kf7 45.Qc7+ Kf8 46.Qb8+ Kf7  1/2-1/2

[Event "Amber Blindfold"]
[Site "Monte Carlo MNC"]
[Date "2003.03.15"]
[Round "1"]
[White "Ljubojevic,L"]
[Black "Ivanchuk,V"]
[Result "0-1"]
[WhiteElo "2570"]
[BlackElo "2699"]

1.d4 d5 2.Nf3 e6 3.c4 dxc4 4.e3 c5 5.Bxc4 a6 6.O-O Nf6 7.dxc5 Bxc5 8.Qxd8+ Kxd8
9.Nbd2 Ke7 10.Be2 Bd7 11.Ne5 Bb5 12.Nec4 Nbd7 13.Nb3 Bb4 14.Nd4 Bxc4 15.Bxc4 Rac8
16.Be2 Rhd8 17.a3 Bc5 18.Nb3 Ne4 19.f3 Nef6 20.Bd2 Nd5 21.Kf2 Bb6 22.Rac1 f5
23.g3 g5 24.Rxc8 Rxc8 25.Rc1 Rxc1 26.Bxc1 f4 27.Bd3 h6 28.Ke2 Bxe3 29.Bxe3 Nxe3
30.Be4 b6 31.Bd3 a5 32.Nd4 Nf6 33.gxf4 gxf4 34.Nb5 e5 35.Nc3 Kd6 36.Kd2 Kc5
37.Na4+ Kc6 38.Nc3 Nfd5 39.Ne4 b5 40.Be2 Nf5 41.Kd3 Nd4 42.Nf2 Ne3 43.Ne4 Nc4
44.b4 a4 45.Bf1 Nxa3 46.Nd2 Nac2 47.Kc3 a3  0-1

[Event "Amber Rapid"]
[Site "Monte Carlo MNC"]
[Date "2003.03.18"]
[Round "4"]
[White "Anand,V"]
[Black "Ivanchuk,V"]
[Result "1-0"]
[WhiteElo "2753"]
[BlackElo "2699"]

1.e4 e5 2.Nf3 Nc6 3.Bb5 a6 4.Ba4 Nf6 5.O-O Be7 6.Re1 b5 7.Bb3 O-O 8.h3 Bb7
9.d3 Re8 10.a3 h6 11.Nc3 Bf8 12.Ba2 Nd4 13.Nh2 d5 14.exd5 Nxd5 15.Ng4 Nf4
16.Ne4 Ng6 17.c3 Ne6 18.Qf3 Rb8 19.g3 h5 20.Nh2 h4 21.Qf5 Bd5 22.Bxd5 Qxd5
23.Nf3 Rbd8 24.gxh4 Qxd3 25.Qg4 Nc5 26.Bg5 Nxe4 27.Rxe4 Rd6 28.h5 Nf4 29.Re3 f5
30.Qh4 Ne2+ 31.Kf1 Qd5 32.Kxe2 f4 33.Bxf4 exf4 34.Rxe8 Qd3+ 35.Ke1 Qxf3 36.Qe7 Rf6
37.h6 Qg2 38.Qxg7+  1-0

[Event "Amber Blindfold"]
[Site "Monte Carlo MNC"]
[Date "2003.03.20"]
[Round "5"]
[White "Van Wely,L"]
[Black "Ivanchuk,V"]
[Result "1-0"]
[WhiteElo "2668"]
[BlackElo "2699"]

1.d4 d5 2.c4 c6 3.Nf3 Nf6 4.e3 e6 5.Bd3 dxc4 6.Bxc4 a6 7.O-O c5 8.dxc5 Bxc5
9.Qxd8+ Kxd8 10.Ne5 Ke7 11.Be2 Bd7 12.Bf3 Ra7 13.Rd1 Rc8 14.b3 Bd6 15.Nc4 Bc5
16.Ne5 Bd6 17.Bb2 Be8 18.a4 Nc6 19.Nc4 Bc5 20.Nc3 b6 21.Nxb6 Rb8 22.a5 Kf8
23.Nca4 Bb4 24.Rac1 Nxa5 25.Be5 Rab7 26.Bxb7 Rxb7 27.Rc8 Ke7 28.Ra8 Nd5 29.Nc8+ Kd7
30.e4 f6 31.Bg3 Bh5 32.f3 Bc5+ 33.Nxc5+  1-0

[Event "Amber Blindfold"]
[Site "Monte Carlo MNC"]
[Date "2003.03.21"]
[Round "6"]
[White "Leko,P"]
[Black "Ivanchuk,V"]
[Result "1/2-1/2"]
[WhiteElo "2736"]
[BlackElo "2699"]

1.e4 e5 2.Nf3 Nc6 3.Bb5 a6 4.Ba4 Nf6 5.O-O Be7 6.Re1 b5 7.Bb3 O-O 8.h3 Bb7
9.d3 Re8 10.Nc3 Bb4 11.Bd2 Na5 12.Nd5 Nxb3 13.Nxf6+ Qxf6 14.axb3 Bf8 15.c4 b4
16.Nh2 Qe6 17.Qf3 a5 18.Ng4 Ra6 19.Ne3 Bc5 20.Nf5 Bf8 21.Ne3 Bc5 22.Nd5 Qd6
23.Be3 Bxe3 24.Qxe3 c5 25.f4 exf4 26.Qxf4 Qxf4 27.Nxf4 Kf8 28.Kf2 Rea8 29.Ke3 a4
30.bxa4 Rxa4 31.Rxa4 Rxa4 32.d4 d6 33.dxc5 dxc5 34.Nd3 Ra5 35.Rf1 Bc8 36.Nf4 g5
37.Nd5 Ra2 38.Rf2 Be6 39.Kd3 Ra1 40.Ne3 h5 41.Rf1 Ra2 42.Kc2 h4 43.Rd1 Ra8
44.Rd6 Ke7 45.Rc6 Ra5 46.Nd5+ Kd7 47.Rb6 Ra1 48.Ne3 Kc7 49.Rb5 Kd6 50.Kd3 Rb1
51.Kc2 Rg1 52.Kd3 Rb1 53.Kc2 Ra1 54.Kd3 Rb1  1/2-1/2

[Event "Amber Blindfold"]
[Site "Monte Carlo MNC"]
[Date "2003.03.23"]
[Round "8"]
[White "Shirov,A"]
[Black "Ivanchuk,V"]
[Result "1/2-1/2"]
[WhiteElo "2723"]
[BlackElo "2699"]

1.e4 e5 2.Nf3 Nc6 3.Bb5 a6 4.Ba4 Nf6 5.O-O Be7 6.Re1 b5 7.Bb3 O-O 8.h3 Bb7
9.d3 d6 10.a3 Qd7 11.Nc3 Nd8 12.d4 exd4 13.Nxd4 Re8 14.Nf5 Ne6 15.Qf3 c5
16.Be3 c4 17.Ba2 Rac8 18.Rad1 Bf8 19.Nd5 Nxd5 20.exd5 Nc5 21.Bd4 Rxe1+ 22.Rxe1 Re8
23.Nh6+ Kh8 24.Nxf7+ Kg8 25.Nh6+ gxh6 26.Qg3+ Kf7  1/2-1/2

[Event "Amber Rapid"]
[Site "Monte Carlo MNC"]
[Date "2003.03.26"]
[Round "10"]
[White "Ivanchuk,V"]
[Black "Almasi,Z"]
[Result "1/2-1/2"]
[WhiteElo "2699"]
[BlackElo "2676"]

1.d4 Nf6 2.c4 e6 3.Nf3 b6 4.g3 Ba6 5.Qb3 Nc6 6.Nbd2 d5 7.Qa4 Bb7 8.Bg2 Bd6
9.cxd5 exd5 10.Nc4 dxc4 11.Ne5 Bb4+ 12.Kf1 O-O 13.Nxc6 Qe8 14.Qxb4 Bxc6 15.Qxc4 Bb5
16.Qc2 Rd8 17.a4 Ba6 18.b4 Rxd4 19.b5 Qe6 20.Bf3 Qh3+ 21.Kg1 Bc8 22.Bb2 Bf5
23.Qc3 Rd7 24.Bc6 Rdd8 25.Bg2 Qh5 26.Bf3 Qh3 27.Bg2 Qh6 28.h3 Rfe8 29.Bf3 Ne4
30.Qxc7 Rc8 31.Qf4 Qxf4 32.gxf4 Nd2 33.Kg2 Nxf3 34.exf3 f6 35.Rhc1 Rxc1  1/2-1/2

[Event "11th Sigeman & Co"]
[Site "Malmoe SWE"]
[Date "2003.05.02"]
[Round "4"]
[White "Hansen,SuB"]
[Black "Ivanchuk,V"]
[Result "0-1"]
[WhiteElo "2537"]
[BlackElo "2704"]

1.e4 c5 2.Nf3 Nc6 3.d4 cxd4 4.Nxd4 Nf6 5.Nc3 d6 6.g3 e6 7.Bg2 Bd7 8.O-O Be7
9.Nxc6 Bxc6 10.a4 O-O 11.Be3 Qc7 12.Qe2 a6 13.Rfd1 Rfe8 14.a5 Rac8 15.Qc4 Nd7
16.Qa2 h5 17.h4 g6 18.Rd2 Ne5 19.Bb6 Qb8 20.Bd4 Bf8 21.Rad1 Bh6 22.Re2 Qc7
23.Bb6 Qe7 24.Be3 Bxe3 25.Rxe3 Red8 26.Qb3 Qc7 27.Ra1 Rb8 28.Nd1 d5 29.exd5 Bxd5
30.Qc3 Nc6 31.Bh3 b6 32.Qf6 bxa5 33.Nc3 Rd6 34.Rae1 Rf8 35.g4 Qe7 36.Qf4 hxg4
37.Bxg4 Rfd8 38.Rg3 e5 39.Qh6 Qf6 40.h5 Qf4 41.Qxf4 exf4 42.Rd3 Nb4 43.Rd2 Bc6
44.Rxd6 Rxd6 45.Re5 Rd2 46.Bd1 Na2  0-1

[Event "11th Sigeman & Co"]
[Site "Malmoe SWE"]
[Date "2003.05.07"]
[Round "8"]
[White "Lindberg,Be"]
[Black "Ivanchuk,V"]
[Result "0-1"]
[WhiteElo "2392"]
[BlackElo "2704"]

1.e4 e6 2.d4 d5 3.Nc3 Nf6 4.Bg5 dxe4 5.Nxe4 Be7 6.Bxf6 gxf6 7.Nf3 a6 8.c4 O-O
9.Qd2 Kh8 10.O-O-O Rg8 11.Qc2 f5 12.Ng3 Qf8 13.Kb1 Nd7 14.d5 Nc5 15.dxe6 fxe6
16.Nh5 Bf6 17.Qe2 b6 18.Nxf6 Qxf6 19.Qe5 Qg7 20.Qxg7+ Kxg7 21.Ne5 Ne4 22.Nd3 Kf6
23.f3 Nc5 24.Nxc5 bxc5 25.f4 Bb7 26.Rg1 Rad8 27.Rxd8 Rxd8 28.Kc1 Rd4 29.g3 Bf3
30.Bg2 Rxc4+ 31.Kd2 Bd5 32.a3 a5 33.Bf1 Rd4+ 34.Kc1 h5 35.h4 Bf3 36.Bb5 c6
37.Ba6 c4 38.Re1 Ke7 39.Re3 Bd5 40.Kc2 Kd7 41.Kc1 Kd6 42.Kc2 Be4+ 43.Kc3 Kc5
44.Bc8 Rd1 45.Bxe6 Rc1+ 46.Kd2 Rc2+ 47.Kd1 Rxb2 48.Bxf5 Bxf5 49.Re5+ Kd4
50.Rxf5 Kd3 51.Kc1 Rg2 52.Rf6 Rg1+ 53.Kb2 c3+ 54.Ka2 c2 55.Rd6+ Ke4  0-1

[Event "11th Sigeman & Co"]
[Site "Malmoe SWE"]
[Date "2003.05.08"]
[Round "9"]
[White "Ivanchuk,V"]
[Black "Hillarp Persson,T"]
[Result "1/2-1/2"]
[WhiteElo "2704"]
[BlackElo "2474"]

1.e4 g6 2.d4 Bg7 3.Nf3 d6 4.Be2 Nf6 5.Nc3 O-O 6.O-O Bg4 7.Be3 Nc6 8.h3 Bxf3
9.Bxf3 e5 10.dxe5 dxe5 11.Nb5 Qe7 12.c3 Nd8 13.Na3 a5 14.Nc4 b5 15.Nxe5 Qxe5
16.Bd4 Qe6 17.Bxf6 Bxf6 18.e5 Rb8  1/2-1/2

[Event "ECC"]
[Site "Rethymnon GRE"]
[Date "2003.09.29"]
[Round "2"]
[White "Acs,P"]
[Black "Ivanchuk,V"]
[Result "1/2-1/2"]
[WhiteElo "2606"]
[BlackElo "2710"]

1.e4 d6 2.d4 Nf6 3.Nc3 g6 4.f4 Bg7 5.Nf3 c5 6.d5 O-O 7.Bd3 Qb6 8.Nd2 Bg4
9.Be2 Bxe2 10.Qxe2 Nbd7 11.O-O Qa6 12.Qxa6 bxa6 13.Nc4 Rab8 14.Re1 Nb6 15.Na5 Rfe8
16.Bd2 e6 17.dxe6 Rxe6 18.f5 Ree8 19.Bf4 Ng4 20.Bxd6 Rbd8 21.Bf4 g5 22.Bxg5 Bd4+
23.Kf1 Nxh2+ 24.Ke2 Bxc3 25.bxc3 f6 26.Kf2 fxg5 27.Kg3 Nf1+ 28.Rxf1 Rxe4
29.Nb7 Rd5 30.Rad1 h5 31.f6 Rg4+ 32.Kh2 Rf4 33.Rxf4 gxf4 34.Rxd5 Nxd5 35.c4 Nc3
36.Nxc5 Nxa2 37.Nxa6 Kf7 38.Kh3 Kxf6 39.Kh4 Kg6 40.c5 Nc3 41.c6 Nd5 42.c7 Ne7
43.c3 Nf5+ 44.Kh3 Ne7 45.c4 Kg5 46.Nb4 Nc8 47.c5 a5 48.Nd5 a4 49.Nb6 a3 50.Nxc8 a2
51.Nd6 a1=Q 52.Kh2 Qe1 53.Ne4+ Qxe4 54.c8=Q Qe5 55.Qd8+ Kf5 56.Qf8+ Ke6 57.Qe8+ Kd5
58.Qxe5+ Kxe5 59.Kh3 Kd5 60.Kh4 Kxc5 61.Kg5 h4 62.Kxf4 h3 63.gxh3  1/2-1/2

[Event "1st Samba Cup"]
[Site "Skanderborg DEN"]
[Date "2003.10.18"]
[Round "8"]
[White "Sasikiran,K"]
[Black "Ivanchuk,V"]
[Result "0-1"]
[WhiteElo "2679"]
[BlackElo "2710"]

1.Nf3 d5 2.d4 Nf6 3.c4 dxc4 4.e3 e6 5.Bxc4 c5 6.O-O a6 7.Bb3 b5 8.a4 b4 9.Nbd2 Bb7
10.e4 Be7 11.e5 Nfd7 12.Nc4 O-O 13.Bf4 Nc6 14.Bc2 Nxd4 15.Nxd4 cxd4 16.Qxd4 Qc7
17.Nd6 Bxd6 18.Qd3 g6 19.exd6 Qc6 20.f3 Qc5+ 21.Be3 Qe5 22.f4 Qa5 23.Qd4 Rfc8
24.Rac1 Bd5 25.Bd3 b3 26.f5 gxf5 27.Qh4 f6 28.Qg3+ Kh8 29.Qe1 Qxa4 30.Rc7 Ne5
31.Qc3 Rg8 32.Rf2 Qh4 33.g3 Rxg3+ 34.Kf1 Qh3+  0-1

[Event "1st Samba Cup"]
[Site "Skanderborg DEN"]
[Date "2003.10.19"]
[Round "9"]
[White "Ivanchuk,V"]
[Black "Hansen,Cu"]
[Result "1/2-1/2"]
[WhiteElo "2710"]
[BlackElo "2616"]

1.e4 c5 2.Nf3 d6 3.d4 cxd4 4.Nxd4 Nf6 5.Nc3 Nc6 6.Bg5 e6 7.Qd2 Be7 8.O-O-O O-O
9.f4 h6 10.Bh4 Bd7 11.Nf3 Qa5 12.Kb1 Rfd8 13.Bd3 Rac8 14.Rhg1 e5 15.g4 exf4
16.g5 hxg5 17.Rxg5 Ne5 18.Rdg1 Nxf3 19.Rxg7+ Kf8 20.Qxf4 Nxg1 21.Bxf6 Bxf6
22.Qxf6 Be6 23.Rh7 Ke8 24.Bb5+ Rc6 25.Rh5 d5 26.exd5 Rxd5 27.Rxd5 Bxd5 28.Qe5+ Kf8
29.Qh8+ Ke7 30.Nxd5+ Kd6 31.Qh6+ Kc5 32.Bxc6 Qe1+ 33.Qc1 Qxc1+ 34.Kxc1 bxc6
35.Nf4 Nf3 36.h3 Kd4 37.Kd1 Ke3 38.Nd3 f5 39.b4 f4 40.a4 Nh4 41.Ke1 Ng2+
42.Kf1 Kf3 43.c3 Kg3 44.a5 f3 45.Kg1 a6 46.c4 Ne3 47.c5 Nd5 48.h4 f2+ 49.Nxf2 Kxh4
50.Nd3 Kg3 51.Kf1 Kf3 52.Ne5+ Ke4 53.Nxc6 Kd3 54.Ke1 Kc4 55.Kd2 Kb5 56.Nb8  1/2-1/2

[Event "3rd Amplico AIG Life S/F"]
[Site "Warsaw POL"]
[Date "2003.12.21"]
[Round "2"]
[White "Aronian,L"]
[Black "Ivanchuk,V"]
[Result "1-0"]
[WhiteElo "2649"]
[BlackElo "2710"]

1.d4 d5 2.c4 c6 3.Nf3 Nf6 4.e3 Bf5 5.Nc3 e6 6.Nh4 Bg6 7.Nxg6 hxg6 8.Qb3 Qb6
9.h3 Nbd7 10.Bd2 a6 11.Bd3 Be7 12.Rc1 Rc8 13.Qxb6 Nxb6 14.c5 Nbd7 15.f4 Nh5
16.O-O f5 17.b4 g5 18.Ne2 gxf4 19.exf4 Ndf6 20.a4 Ne4 21.Be3 Kd7 22.Rb1 g5
23.Bxe4 gxf4 24.Bxd5 fxe3 25.Bf3 Bg5 26.b5 axb5 27.axb5 Rc7 28.Ra1 cxb5 29.Rfb1 Nf4
30.Nxf4 Bxf4 31.Rxb5 Ke7 32.Kf1 Rd8 33.Ra4 Bg5 34.Ke2 Rcd7 35.Rxb7 Rxb7 36.Bxb7 Rb8
37.Ra7 Kf6 38.g3 Bh6 39.c6 Rd8 40.c7 Rxd4 41.c8=Q Rd2+ 42.Ke1  1-0

[Event "TCh-SWE 2003-4"]
[Site "Goteborg SWE"]
[Date "2004.02.28"]
[Round "8"]
[White "Agrest,E"]
[Black "Ivanchuk,V"]
[Result "0-1"]
[WhiteElo "2616"]
[BlackElo "2716"]

1.Nf3 Nf6 2.c4 e6 3.Nc3 Bb4 4.g4 O-O 5.g5 Ne8 6.Rg1 b6 7.Qc2 Bb7 8.a3 Bxc3
9.Qxc3 c5 10.Bg2 d5 11.d3 d4 12.Qc2 Qc7 13.Bd2 Nd7 14.O-O-O Nd6 15.Bf4 Rfe8
16.Ne5 Bxg2 17.Nxd7 Qxd7 18.Bxd6 Qxd6 19.Rxg2 Rab8 20.Rd2 b5 21.e3 b4 22.axb4 Rxb4
23.exd4 cxd4 24.Rg4 Qxh2 25.f4 Qh1+ 26.Qd1 Qb7 27.Rh4 Rb8 28.Rhh2 Qa6 29.Qc2 e5
30.fxe5 Ra4 31.Kd1 Ra1+ 32.Ke2 Qe6 33.Kf3 Qf5+ 34.Kg3 Qxg5+  0-1

[Event "TCh-SWE 2003-4"]
[Site "Goteborg SWE"]
[Date "2004.03.13"]
[Round "10"]
[White "Winsnes,R"]
[Black "Ivanchuk,V"]
[Result "1/2-1/2"]
[WhiteElo "2394"]
[BlackElo "2716"]

1.e4 c5 2.Nf3 d6 3.d4 cxd4 4.Nxd4 Nf6 5.Nc3 Nc6 6.Bg5 e6 7.Qd2 a6 8.O-O-O Bd7
9.f3 Be7 10.h4 h6 11.Be3 h5 12.Bg5 Qc7 13.Kb1 Ne5 14.f4 Neg4 15.Bd3 Qb6 16.Bc4 Rc8
17.Bb3 Qa5 18.Rhe1 Rc5  1/2-1/2

[Event "TCh-SWE 2003-4"]
[Site "Goteborg SWE"]
[Date "2004.03.14"]
[Round "11"]
[White "Ivanchuk,V"]
[Black "Brynell,S"]
[Result "1-0"]
[WhiteElo "2716"]
[BlackElo "2467"]

1.Nf3 d5 2.d4 Nc6 3.c4 Bg4 4.cxd5 Bxf3 5.gxf3 Qxd5 6.e3 e5 7.Nc3 Bb4 8.Bd2 Bxc3
9.bxc3 exd4 10.cxd4 Nge7 11.Bg2 O-O-O 12.Qb3 Qg5 13.Rg1 Qh5 14.Rb1 b6 15.f4 Rd6
16.Kf1 Rhd8 17.Qb5 Qxb5+ 18.Rxb5 g6 19.Rb2 f5 20.Rc2 Re6 21.h4 h5 22.Bf3 Nd5
23.Kg2 Nce7 24.Rgc1 c6 25.Bxd5 Rxd5 26.Bb4 Kd7 27.Bxe7 Kxe7 28.Rxc6 Rxc6
29.Rxc6 Ra5 30.Rxg6 Rxa2 31.Rg5 Kf6 32.Rxh5 b5 33.Rh7 b4 34.h5 a5 35.Rc7 b3
36.h6 Rc2 37.h7 Rxc7 38.h8=Q+ Rg7+ 39.Kf3 a4 40.Qh6+  1-0

[Event "Amber Rapid"]
[Site "Monte Carlo MNC"]
[Date "2004.03.22"]
[Round "3"]
[White "Gelfand,B"]
[Black "Ivanchuk,V"]
[Result "0-1"]
[WhiteElo "2709"]
[BlackElo "2716"]

1.Nf3 Nf6 2.c4 c5 3.Nc3 e6 4.g3 b6 5.Bg2 Bb7 6.O-O a6 7.b3 d6 8.Bb2 Be7 9.e3 O-O
10.Qe2 Nbd7 11.Rfd1 Re8 12.d4 Ne4 13.Rac1 Ndf6 14.Nxe4 Bxe4 15.dxc5 bxc5
16.Nd2 Bxg2 17.Kxg2 Ra7 18.Qf3 Qb8 19.Nb1 Nd7 20.Kg1 Rd8 21.Rd2 Rc7 22.Rcd1 Qc8
23.Nc3 Ne5 24.Qg2 Ng6 25.f4 Rcd7 26.h4 h6 27.h5 Nf8 28.g4 Nh7 29.Qf3 Bf6
30.Na4 Bxb2 31.Rxb2 Qc7 32.Rbd2 Kf8 33.Nc3 Kg8 34.Rg2 Kh8 35.g5 hxg5 36.fxg5 d5
37.g6 Qe5 38.gxh7 Qxc3 39.Rgd2 Qe5 40.Kh1 Kxh7 41.Rg1 dxc4 42.Rdg2 c3 43.Rxg7+ Qxg7
44.Qe4+ f5 45.Rxg7+ Rxg7 46.Qc2 Rdg8 47.Qxc3 Rg5  0-1

[Event "Amber Rapid"]
[Site "Monte Carlo MNC"]
[Date "2004.03.23"]
[Round "4"]
[White "Ivanchuk,V"]
[Black "Shirov,A"]
[Result "1-0"]
[WhiteElo "2716"]
[BlackElo "2736"]

1.c4 e6 2.Nf3 d5 3.d4 Nf6 4.Bg5 h6 5.Bxf6 Qxf6 6.e3 Bb4+ 7.Nc3 O-O 8.Qb3 c5
9.cxd5 exd5 10.dxc5 Nc6 11.Bb5 d4 12.Bxc6 dxc3 13.Qxb4 cxb2 14.Rb1 bxc6 15.O-O Ba6
16.Rfe1 Rab8 17.Qa3 Bc4 18.Nd4 Rfe8 19.Rxb2 Rxb2 20.Qxb2 Bxa2 21.Qxa2 Qxd4
22.Qxa7 Qd5 23.Rc1 h5 24.Qa4 Rd8 25.h3 g6 26.Qf4 Kg7 27.Rc4 Ra8 28.Rc1 Ra2
29.h4 Rd2 30.Kh2 Re2 31.Kg3 Rd2 32.Rc4 Ra2 33.Rc3 Rd2 34.e4 Rd3+ 35.f3 Qd4
36.Rxd3 Qxd3 37.Qe5+ Kg8 38.Qe8+ Kg7 39.Qxc6 Qe3 40.Qc7 Qe1+ 41.Kh3 Qh1+
42.Qh2 Qa1 43.c6 Kh7 44.Qf4 Qh1+ 45.Kg3  1-0

[Event "Amber Blindfold"]
[Site "Monte Carlo MNC"]
[Date "2004.03.26"]
[Round "6"]
[White "Ivanchuk,V"]
[Black "Topalov,V"]
[Result "1-0"]
[WhiteElo "2716"]
[BlackElo "2735"]

1.e4 e5 2.Nf3 Nc6 3.d4 exd4 4.Nxd4 Bc5 5.Nb3 Bb6 6.Qe2 d6 7.Be3 Nf6 8.Nc3 O-O
9.O-O-O Re8 10.f3 Ne5 11.Qd2 Be6 12.Be2 Bc4 13.g4 Bxe3 14.Qxe3 c6 15.g5 Nh5
16.f4 Bxe2 17.Nxe2 Nc4 18.Qf3 g6 19.Ng3 Ng7 20.h4 a5 21.h5 Qb6 22.Qc3 Qb4
23.Rd3 Qxc3 24.Rxc3 d5 25.Nd4 Ne6 26.exd5 cxd5 27.Nge2 Nxd4 28.Nxd4 Re4 29.Nb5 Rxf4
30.Nc7 Rd8 31.hxg6 hxg6 32.Rch3 Kf8 33.Ne6+ fxe6 34.Rh8+ Ke7 35.R1h7+ Kd6
36.Rxd8+ Ke5 37.Rh1 Ne3 38.Re1 Ke4 39.Rd6 e5 40.Rxg6 Rf2 41.c3 Rc2+ 42.Kb1 Rg2
43.Rg8 Kd3 44.g6 d4 45.cxd4 exd4 46.g7 Kd2 47.Rc1 d3 48.Rf8  1-0

[Event "Amber Rapid"]
[Site "Monte Carlo MNC"]
[Date "2004.03.27"]
[Round "7"]
[White "Ivanchuk,V"]
[Black "Bareev,E"]
[Result "1-0"]
[WhiteElo "2716"]
[BlackElo "2714"]

1.e4 e6 2.d4 d5 3.Nd2 dxe4 4.Nxe4 Nd7 5.Nf3 Ngf6 6.Nxf6+ Nxf6 7.Bg5 h6 8.Bh4 c5
9.Bb5+ Bd7 10.Bxd7+ Qxd7 11.Qe2 Be7 12.dxc5 O-O 13.O-O Bxc5 14.Rfd1 Qc7 15.Ne5 Be7
16.Bg3 Qb6 17.Nc4 Qa6 18.Bd6 Bxd6 19.Rxd6 b6 20.b3 Rad8 21.Qe5 Nd5 22.a4 Qc8
23.Rxd8 Rxd8 24.h3 Nb4 25.Ne3 Rd2 26.a5 Nc6 27.Qc3 Rd8 28.axb6 axb6 29.Ra4 Qd7
30.Ra1 Nd4 31.Kh1 Qc8 32.Qd3 Nf5 33.Nxf5 exf5 34.Qe2 Qc3 35.Rd1 Rc8 36.Rd2 f4
37.Qd1 Kh7 38.Qe2 Rc5 39.Kh2 Re5 40.Qd1 Rc5 41.f3 g6 42.Re2 Kg7 43.Qd6 Qf6
44.Qd2 b5 45.Re4 g5 46.c4 bxc4 47.bxc4 Rc6 48.Qb4 Rb6 49.Qd2 Rb1 50.Re1 Rxe1
51.Qxe1 Qd4 52.Qc1 Qc5 53.Qc2 Kf6 54.Qe4 Qf2 55.Qe8 Qc5 56.Qh8+ Kg6 57.Qc3 Kf5
58.Qd3+ Ke6 59.h4 Qf2 60.Qd5+ Kf6 61.Qd6+ Kg7 62.Qe5+ Kg6 63.hxg5 hxg5 64.c5 Qe3  1-0

[Event "Amber Rapid"]
[Site "Monte Carlo MNC"]
[Date "2004.03.28"]
[Round "8"]
[White "Svidler,P"]
[Black "Ivanchuk,V"]
[Result "1-0"]
[WhiteElo "2747"]
[BlackElo "2716"]

1.e4 c5 2.Nf3 Nc6 3.Bb5 g6 4.O-O Bg7 5.c3 Nf6 6.Qe2 O-O 7.d4 d5 8.e5 Ne4
9.Be3 Bd7 10.Bxc6 bxc6 11.dxc5 Qb8 12.Re1 Re8 13.Bd4 Bg4 14.Nbd2 Qxb2 15.Nxe4 Qxe2
16.Rxe2 dxe4 17.Rxe4 Be6 18.Ree1 Reb8 19.a4 Rb2 20.Be3 Bd5 21.Nd4 Rc8 22.Bc1 Rb7
23.Bf4 e6 24.Rac1 Bf8 25.Be3 Bxc5 26.c4 Be4 27.Nxe6 Bxe3 28.Rxe3 fxe6 29.Rxe4 Rb4
30.g3 Rxa4 31.Rd1 Rf8 32.Rd6 Ra2 33.Rf4 Rxf4 34.gxf4 Kf7 35.Rxc6 h6 36.Rc7+ Kf8
37.Kg2 a5 38.c5 Rc2 39.c6 a4 40.Ra7 Rxc6 41.Rxa4 Rc3 42.Ra6 Kf7 43.Ra7+ Kf8
44.Rh7 h5 45.f3 Rc1 46.Ra7 Rb1 47.Rh7 Ra1 48.f5 exf5 49.Kg3 Ra4 50.f4 g5
51.fxg5 Rg4+ 52.Kf3 Rxg5 53.Kf4 Rg2 54.h3 Rf2+ 55.Kg5 f4 56.Kf6 Kg8 57.Rg7+ Kh8
58.Rg5 f3 59.Kf7  1-0

[Event "5th IECC"]
[Site "Antalya TUR"]
[Date "2004.05.16"]
[Round "2"]
[White "Bakalarz,M"]
[Black "Ivanchuk,V"]
[Result "0-1"]
[WhiteElo "2333"]
[BlackElo "2716"]

1.d4 Nf6 2.Nf3 d5 3.Bg5 c6 4.c3 Bg4 5.Ne5 Bf5 6.Qb3 Qb6 7.Nd2 Nbd7 8.Nxd7 Nxd7
9.e3 e5 10.Be2 Bd6 11.Bh4 exd4 12.exd4 Qc7 13.Bg3 Bxg3 14.hxg3 O-O-O 15.O-O-O Rhe8
16.Rhe1 Re6 17.Nf3 Rde8 18.Bd3 Bxd3 19.Rxe6 Rxe6 20.Rxd3 Qd6 21.Qc2 Qe7 22.Rd2 Nf6
23.Ng5 Re1+ 24.Rd1 Re2 25.Rd2 Rxf2 26.Rxf2 Qe1+ 27.Qd1 Qxf2 28.Qf3 Qe1+ 29.Kc2 Qe7
30.Qf5+ Kc7 31.Qf4+ Kb6 32.Qe5 Qd7 33.c4 dxc4 34.Qc5+ Kc7 35.Nf3 Nd5 36.Qxa7 Qf5+
37.Kc1 Nb4 38.Ne1 Qg5+ 39.Kd1 Na6 40.Qa8 Qe3 41.Nf3 Qd3+ 42.Ke1 Qb1+ 43.Kf2 Qxb2+
44.Kg1 Qc1+ 45.Kf2 c3 46.Qe8 Qb2+ 47.Kg1 c2  0-1